| 000 -LEADER |
| fixed length control field |
01991 a2200205 4500 |
| 020 ## - INTERNATIONAL STANDARD BOOK NUMBER |
| International Standard Book Number |
0521792649 |
| 020 ## - INTERNATIONAL STANDARD BOOK NUMBER |
| International Standard Book Number |
9780521792646 |
| 082 04 - DEWEY DECIMAL CLASSIFICATION NUMBER |
| Classification number |
338.47791 |
| 090 ## - LOCALLY ASSIGNED LC-TYPE CALL NUMBER (OCLC); LOCAL CALL NUMBER (RLIN) |
| -- |
3275 |
| -- |
3275 |
| 100 1# - MAIN ENTRY--PERSONAL NAME |
| Personal name |
Vogel, Harold L. |
| 245 10 - TITLE STATEMENT |
| Title |
Entertainment industry economics : |
| Remainder of title |
a guide for financial analysis / |
| Statement of responsibility, etc. |
Harold L. Vogel. |
| 250 ## - EDITION STATEMENT |
| Edition statement |
5th ed. |
| 260 ## - PUBLICATION, DISTRIBUTION, ETC. |
| Place of publication, distribution, etc. |
[S.l.] : |
| Name of publisher, distributor, etc. |
Cambridge University Press, |
| Date of publication, distribution, etc. |
2001. |
| 300 ## - PHYSICAL DESCRIPTION |
| Extent |
597 p. ; |
| Dimensions |
25 cm. |
| 500 ## - GENERAL NOTE |
| General note |
Hardcover. |
| 520 ## - SUMMARY, ETC. |
| Summary, etc. |
In this fully revised edition, Harold L. Vogel examines the business economics of the major entertainment enterprises: movies, television and cable programming, music, broadcasting, casino wagering and gambling, sports, publishing, performing arts, theme parks, and toys. In response to market changes, Vogel places an increased emphasis on the international aspects and has added a new chapter on the Internet and its operational features, revenue sources, and its role as an agent of change. Other expanded features include: Sections on industrial structure Asset valuation methods Comparative price trends New charts, especially in music and film Expanded presentation on movie and television accounts The result is a comprehensive, up-to-date reference guide on the economics, financing, production, and marketing of entertainment in the United States and overseas. Harold L. Vogel has been selected as a top leisure industry analyst nine times by Industrial Investor. He is a member of the New York State Governor's Advisory Board for Motion Pictures and Television. Vogel was a senior analyst with Merrill Lynch for seventeen years and is an adjunct professor at the Graduate School of Business at Columbia University. He is also the author of Travel Industry Economics (Cambridge, 2000). |
| 856 40 - ELECTRONIC LOCATION AND ACCESS |
| Materials specified |
Amazon.com |
| Uniform Resource Identifier |
<a href="http://www.amazon.com/exec/obidos/ASIN/0521792649/chopaconline-20">http://www.amazon.com/exec/obidos/ASIN/0521792649/chopaconline-20</a> |
| 856 40 - ELECTRONIC LOCATION AND ACCESS |
| Materials specified |
Amazon customer reviews |
| Uniform Resource Identifier |
<a href="http://www.chopac.org/cgi-bin/tools/azrev.pl?q=0521792649">http://www.chopac.org/cgi-bin/tools/azrev.pl?q=0521792649</a> |
| 942 ## - ADDED ENTRY ELEMENTS (KOHA) |
| Institution code [OBSOLETE] |
NBS |
| Koha item type |
Book |
| Call number prefix |
338.47791 VOG |